A-Z cities with double letters - Statistics

General Stats
  • This quiz has been taken 46 times
  • The average score is 10 of 26
Answer Stats
Double letters Clue City % Correct
CC The capital of Ghana Accra
90%
MM The Jordanian capital Amman
90%
NN The former capital of West Germany Bonn
87%
DD Large Saudi city on the west coast Jeddah
87%
PP Major city in NW Syria Aleppo
79%
ZZ The capital of Congo Brazzaville
79%
OO Large English port city famous for its football team Liverpool
77%
FF City in western New York state Buffalo
69%
RR Popular Moroccan destination Marrakesh
69%
EE Name of a Scottish city, also associated with crocodiles Dundee
67%
LL American city with a soap opera named after it Dallas
46%
TT Louisiana city with the same name as a French writer and Parisian street Lafayette
33%
AA State capital in western Germany Saarbrücken
31%
BB Vancouver suburb whose name suggests a holy man crossing a river at a shallow point Abbotsford
26%
SS Major Indonesian city on Sulawesi Makassar
26%
QQ Large Syrian city on the Euphrates which was the capital of the Islamic State caliphate Raqqa
23%
HH The capital of Inner Mongolia Hohhot
21%
WW Lanarkshire locale named after a black bird and a forest Crowwood
13%
GG Huge but little-known city in the Guangzhou metropolis Dongguan
13%
XX Going back to an inland town in Malta near Birkirkara Naxxar
8%
JJ Large, ancient central Indian city in Madhya Pradesh state Ujjain
5%
KK City in Sindh, the 14th-largest in Pakistan Sukkur
3%
YY The top-grade town at the southern edge of Giza on the Nile Al ‘Ayyat
0%
II Central Finnish town in northern Savonia, where salami loses a part of its contents during the butchering process Iisalmi
0%
UU Seaside town in SW Finland where you are sick; it makes you hanker for the golden age of punk Uusikaupunki
0%
VV Frontline village on the railway between Kharkiv and Kupiansk; an East German might stop and think at a place like this Vvedenka
0%
No matching quizzes found
Score Distribution
Percent of People with Each Score
Percentile by Number Answered
Your Score History
You have not taken this quiz